How things work: The brain

Zapisane w:
Opis bibliograficzny
Format: Książka
Język:Undetermined
Wydane: Alexandria, Virginia Time-Life Books 1990
Hasła przedmiotowe:
Etykiety: Dodaj etykietę
Nie ma etykietki, Dołącz pierwszą etykiete!
Thư viện lưu trữ: Trung tâm Học liệu Trường Đại học Cần Thơ
LEADER 00425nam a2200157Ia 4500
001 CTU_18271
008 210402s9999 xx 000 0 und d
082 |a 152 
082 |b B814 
245 0 |a How things work: The brain 
260 |a Alexandria, Virginia 
260 |b Time-Life Books 
260 |c 1990 
650 |a brain - popular works 
904 |i Minh, 970822 
980 |a Trung tâm Học liệu Trường Đại học Cần Thơ